000 00449nam a2200157Ia 4500
008 190717s9999 xx 000 0 und d
100 _aTacio, Henrylito
245 _aManaging your hard-earned money/
245 _cHenrylito Tacio
260 _bFAME Inc.
260 _c2018
300 _aPages 22-24, July 2018
440 _aHealth and Lifestyle: Battling The Bulge
_v12/30/1899 5:07:00 PM
650 _aFinancial literacy
650 _aSavings
999 _c361978
_d361978